[Event "Oberfranken-ch U14"]
[Site "Schney"]
[Date "2019.01.03"]
[Round "2"]
[White "Heinrich, Daniel"]
[Black "Gorka, Merle"]
[Result "1-0"]
[WhiteElo "1189"]
[BlackElo "1195"]
[PlyCount "129"]
[EventDate "2019.01.03"]
[EventType "swiss"]
[EventRounds "7"]
[EventCountry "GER"]
[SourceTitle "EXT 2021"]
[Source "ChessBase"]
[SourceDate "2020.10.23"]
[SourceVersion "1"]
[SourceVersionDate "2020.10.23"]
[SourceQuality "1"]

1. e4 c5 2. Nc3 d6 3. Nf3 e6 4. d4 b6 5. Bd3 Nc6 6. d5 exd5 7. Nxd5 Be6 8. Bc4 Nf6 9. Bg5 Be7 10. b3 Nxe4 11. Nxe7 Nxe7 12. Bxe6 fxe6 13. Qe2 Nxg5 14. Nxg5 e5 15. Rd1 Nf5 16. Nf3 Qe7 17. Qe4 0-0 18. Qc4+ Qf7 19. Qxf7+ Rxf7 20. 0-0 h6 21. g3 e4 22. Nh4 Nxh4 23. gxh4 Rf6 24. Rfe1 Re6 25. c4 Rf8 26. Kg2 Rf4 27. Kg3 Rf3+ 28. Kg2 Rg6+ 29. Kf1 Rf4 30. h5 Re6 31. Re3 Rf3 32. Rxf3 exf3 33. Re1 Kf7 34. Re3 Rxe3 35. fxe3 Kf6 36. Kf2 Ke5 37. Kxf3 d5 38. cxd5 Kxd5 39. e4+ Ke5 40. Ke3 a6 41. h3 b5 42. Kd3 Kd6 43. h4 Ke5 44. Ke3 a5 45. Kd3 Kd6 46. Kc3 Ke5 47. Kd3 Ke6 48. a3 Kf6 49. Kc3 Ke5 50. a4 Kxe4 51. axb5 Kd5 52. Kd3 Ke5 53. Kc4 Kd6 54. b6 Kc6 55. b7 Kxb7 56. Kb5 Kc7 57. Kxc5 Kd7 58. Kb5 Kc7 59. Kxa5 Kc6 60. Ka6 Kc5 61. Ka5 Kc6 62. b4 Kc7 63. Ka6 Kc6 64. b5+ Kc7 65. Ka7 1-0

[Event "Oberfranken-ch U14"]
[Site "Schney"]
[Date "2019.01.03"]
[Round "1"]
[White "Renner, Johannes"]
[Black "Heinrich, Daniel"]
[Result "1-0"]
[WhiteElo "1421"]
[BlackElo "1189"]
[PlyCount "136"]
[EventDate "2019.01.03"]
[EventType "swiss"]
[EventRounds "7"]
[EventCountry "GER"]
[SourceTitle "EXT 2021"]
[Source "ChessBase"]
[SourceDate "2020.10.23"]
[SourceVersion "1"]
[SourceVersionDate "2020.10.23"]
[SourceQuality "1"]

1. e4 e5 2. Nf3 Nc6 3. Bc4 Nf6 4. Nc3 Bb4 5. 0-0 0-0 6. d3 Bxc3 7. bxc3 d5 8. exd5 Nxd5 9. Bg5 f6 10. Be3 Be6 11. d4 e4 12. Nd2 Bf7 13. Bxd5 Bxd5 14. c4 Bf7 15. d5 Ne5 16. Qe2 f5 17. f4 Ng4 18. Nb3 Nxe3 19. Qxe3 Qe7 20. Rad1 Rfd8 21. c3 b6 22. Nd4 Qc5 23. Nxf5 Qxc4 24. a3 Bxd5 25. Rd4 Qc5 26. Rfd1 c6 27. c4 g6 28. Ng3 Re8 29. cxd5 cxd5 30. Qb3 Rad8 31. Kh1 Kf8 32. Nxe4 Qe7 33. Qb4 Kf7 34. Qxe7+ Rxe7 35. Ng5+ Kf6 36. h3 h6 37. Ne4+ Kf5 38. g4+ Kxf4 39. Nd6+ Kg3 40. R1d3+ Kh4 41. Rxd5 Re1+ 42. Kg2 Rf8 43. Rf3 Re2+ 44. Kf1 Rxf3+ 45. Kxe2 Rxh3 46. Rd4 Rh2+ 47. Kf1 Kg3 48. Ne4+ Kf3 49. Nd2+ Ke3 50. Nb3 Rf2+ 51. Kg1 h5 52. gxh5 gxh5 53. Rd7 h4 54. Re7+ Kf3 55. Rf7+ Kg3 56. Rxf2 h3 57. Rh2 a5 58. a4 Kg4 59. Nd4 Kh4 60. Nf3+ Kg3 61. Ng5 Kh4 62. Nxh3 Kg3 63. Rb2 Kxh3 64. Rxb6 Kg3 65. Ra6 Kf4 66. Rxa5 Ke4 67. Rc5 Kd4 68. Rc1 Kd3 1-0